000 00597nam a2200217Ia 4500
005 20260429111933.0
008 260429s9999||||xx |||||||||||||| ||und||
020 _a9789362245991
041 _aEnglish
082 _a541.37
_bDIA
100 _aDias, Peter
245 0 _aNano-chemistry for chemistry educators /
_cPeter Dias
250 _a1st ed.
260 _aNew Delhi :
_bDiscovery Publishing House (India),
_c2025.
300 _aviii, 250 p.; hb
650 _a Chemistry education
650 _a Nanoscience
650 _a Teaching methods
650 _aNanochemistry
942 _cTB
999 _c51516
_d51516